Statistics for Little Shop Of Horrors Movie Trivia

Click here to take the quiz!

General Stats

  • This quiz has been taken 144 times
  • The average score is 8 of 14

Answer Stats

QuestionAnswer% Correct
What does the plant eat?Blood
94%
What is the name of the plant?Audrey II
90%
What are the plant's first words?Feed Me
83%
How many people does the plant actually eat?2
81%
What does the dentist drive?Motorcycle
76%
What is the name of the street/area they live in?Skid Row
73%
What event was happening when Seymour found the plant?Solar Eclipse
72%
What is the last name of the shop owner?Mushnik
70%
Who plays the sadistic dentist?Steve Martin
61%
What ghostbuster has a cameo?Bill Murray
49%
What does Seymour use to beat the plant?Electrical Wire
31%
Who was the film's director?Frank Oz
28%
Who plays the DJ?John Candy
23%
What actor has a cameo at the end with the idea of mass producing the plant in every household?James Belushi
9%

Score Distribution

Percentile by Number Answered

Percent of People with Each Score

Your Score History

You have not taken this quiz